Statistics for Clueless #4

Click here to take the quiz!

General Stats

  • This quiz has been taken 296 times
    (2 since last reset)
  • The average score is 211 of 422

Answer Stats

Word % Correct
    you'll    
100%
     have     
100%
     I'd      
100%
     I'll     
100%
     I'll     
100%
     I've     
100%
     I'm      
100%
     I'm      
100%
     me.      
100%
     me,      
100%
      my      
100%
      me      
100%
      I      
100%
     me.      
100%
      me      
100%
      I      
100%
     has      
100%
      if      
100%
     have     
100%
    gotta    
100%
     Got      
100%
     got      
100%
     got      
100%
    Don't    
100%
    don't    
100%
    don't,    
100%
    Don't    
100%
    don't    
100%
     does     
100%
     did      
100%
      do      
100%
    does,    
100%
     I'd      
100%
      If      
100%
      do      
100%
     you      
100%
    you've    
100%
    you're    
100%
    You're    
100%
    you're    
100%
     your     
100%
     you.     
100%
     you,     
100%
     YOU      
100%
     You      
100%
     you      
100%
     YOU!     
100%
     you!     
100%
     you.     
100%
     You      
100%
     The      
100%
     know     
100%
    Know.    
100%
     Know     
100%
    know,    
100%
     know     
100%
     Know     
100%
    know!    
100%
    know.    
100%
    Know's    
100%
     the      
100%
      So      
100%
      So      
100%
     tell     
100%
   telling    
100%
     tell     
100%
     the      
100%
     do.      
100%
    know?    
100%
      a      
100%
      an      
100%
      a      
100%
     when     
50%
    What's    
50%
    what's    
50%
    What's    
50%
    What.    
50%
      on      
50%
      of      
50%
      of      
50%
     off      
50%
     Ok.      
50%
      On      
50%
      on      
50%
     No.      
50%
     What     
50%
     And      
50%
     only     
50%
      No      
50%
     out      
50%
     out.     
50%
     what     
50%
    What?    
50%
    what?    
50%
     What     
50%
  pitching.  
50%
   pitcher    
50%
   pitching   
50%
  pitcher's  
50%
  pitching?  
50%
    plate    
50%
   players    
50%
     No,      
50%
     York     
50%
    play.    
50%
     long     
50%
  mentioned  
50%
     mean     
50%
   manager?   
50%
   manager    
50%
    Look,    
50%
     Look     
50%
     long     
50%
     met      
50%
     Who      
50%
    let's    
50%
     left     
50%
    today?    
50%
  now-a-days  
50%
     who.     
50%
  mentioned  
50%
     who      
50%
     New      
50%
    name?    
50%
    never    
50%
     When     
50%
     Who      
50%
     Who.     
50%
    names?    
50%
    names,    
50%
    name.    
50%
     Who?     
50%
    name,    
50%
     name     
50%
    names.    
50%
    names,    
50%
    name.    
50%
     must     
50%
   playing    
50%
   players.   
50%
     Who?     
50%
    buddy.    
50%
     they     
50%
    these    
50%
    There    
50%
     Then     
50%
     then     
50%
   fellow's   
50%
      we      
50%
    their    
50%
    That's    
50%
    That's    
50%
    that's    
50%
     that     
50%
    that?    
50%
      to      
50%
    their    
50%
     want     
50%
    Today.    
50%
  Tomorrow!  
50%
     too.     
50%
  Tomorrow's  
50%
  tomorrow's  
50%
  Tomorrow,  
50%
   tomorrow   
50%
  Tomorrow.  
50%
    time?    
50%
     want     
50%
    time!    
50%
     time     
50%
     time     
50%
     very     
50%
     this     
50%
    wanna    
50%
      to      
50%
    team?    
50%
   playing    
50%
     say      
50%
     what     
50%
    said.    
50%
    said!    
50%
     say      
50%
     said     
50%
    saying    
50%
     said     
50%
  shortstop.  
50%
    right.    
50%
    right,    
50%
     runs     
50%
   putting    
50%
   putting    
50%
  playing...  
50%
    seems    
50%
     see,     
50%
    team.    
50%
    we're    
50%
     team     
50%
    team.    
50%
     our      
50%
      we      
50%
     Take     
50%
    Sure.    
50%
  Sometimes  
50%
     Well     
50%
     some     
50%
  somebody's  
50%
     days     
50%
    Today,    
50%
     Well     
50%
    Well,    
50%
     who?     
50%
   Whoever    
50%
    First?    
50%
     All      
50%
     give     
50%
    man's    
50%
    coach    
50%
    coach    
50%
    coach,    
50%
   collects   
50%
   Costello   
50%
  Costello,  
50%
     guy      
50%
     guy.     
50%
    guy's    
50%
     and      
50%
     and      
50%
     And      
50%
     all      
50%
  certainly  
50%
     All      
50%
     all      
50%
    ahead.    
50%
    ahead    
50%
    guys.    
50%
    about!    
50%
   fellows'   
50%
     Yes.     
50%
     Yes!     
50%
     ya.      
50%
   Yankees'   
50%
    wrong    
50%
     with     
50%
     Why?     
50%
  Certainly.  
50%
     give     
50%
     Why      
50%
    base.    
50%
   around.    
50%
      as      
50%
      as      
50%
     ask      
50%
     ask      
50%
    asking    
50%
      at      
50%
     back     
50%
    base!    
50%
    bags:    
50%
    base.    
50%
    base?    
50%
     base     
50%
    base,    
50%
    base?    
50%
     gave     
50%
   Because.   
50%
    ball.    
50%
    ball,    
50%
     ball     
50%
    comes    
50%
     but      
50%
     ball     
50%
   Because!   
50%
   baseman    
50%
    being    
50%
      be      
50%
  baseman's  
50%
   baseman?   
50%
   baseman.   
50%
   baseman,   
50%
     Why,     
50%
     Why.     
50%
    Who's    
50%
    third.    
50%
      in      
50%
    first,    
50%
    first.    
50%
    second    
50%
    third    
50%
    third,    
50%
   second,    
50%
      is      
50%
   second.    
50%
     One      
50%
    first!    
50%
    first    
50%
    first.    
50%
    first?    
50%
    Who's    
50%
      am      
50%
     for      
50%
     it?      
50%
    Third    
50%
    first!    
50%
    first    
50%
     just     
50%
     just     
50%
     job      
50%
     it.      
50%
      is      
50%
      it      
50%
     it.      
50%
      it      
50%
     Are      
50%
     are      
50%
      Is      
50%
    third    
50%
    third?    
50%
   second.    
50%
     Oh,      
50%
     find     
50%
    funny    
50%
     get      
50%
     gets     
50%
   gets...    
50%
    going    
50%
      go      
50%
     go,      
50%
    gonna    
50%
    who's    
50%
    about    
50%
   Abbott,    
50%
   second?    
50%
    Abbott    
50%
      he      
50%
      He      
50%
     How      
50%
     how      
50%
     how      
50%
    hitter    
50%
     hits     
50%
    Who's    
50%
     He's     
50%
     He's     
50%
     he's     
50%
     his      
50%
      he      
50%
     his      
50%
     him.     
50%
     too?     
50%
      up      
0%
     up.      
0%
    wife?    
0%
     wife     
0%
    Triple    
0%
  Naturally?  
0%
    trying    
0%
   dollar.    
0%
    heavy    
0%
     good     
0%
     fly      
0%
  fielder's  
0%
    field?    
0%
    field.    
0%
    fancy    
0%
    every    
0%
    Every    
0%
    every    
0%
     even     
0%
    easy,    
0%
    drops    
0%
     down     
0%
    dollar    
0%
   nobody!    
0%
    again!    
0%
  different.  
0%
    darn!    
0%
    couple    
0%
   changing   
0%
    change    
0%
 centerfield. 
0%
  catching.  
0%
  catcher's  
0%
   catcher?   
0%
   catcher,   
0%
    bunts    
0%
    break    
0%
    behind    
0%
    insist    
0%
    Would    
0%
    throws    
0%
     pick     
0%
    throw    
0%
    throw    
0%
   thought    
0%
   thought    
0%
    thing    
0%
   infield!   
0%
   talking    
0%
   talking    
0%
     stay     
0%
    sign?    
0%
     sign     
0%
    signs    
0%
     Same     
0%
    picks    
0%
   peculiar   
0%
   should.    
0%
     pay      
0%
     Now      
0%
     now.     
0%
     Now      
0%
    not...    
0%
     not      
0%
     not      
0%
     arm,     
0%
  Naturally.  
0%
  Naturally.  
0%
    month,    
0%
    money?    
0%
   listen.    
0%
  outfield?  
0%
   Another    
0%

Score Distribution

Percentile by Number Answered

Percent of People with Each Score

Your Score History

You have not taken this quiz since the last reset